00389 2200145 4500001002100000005001500021035002000036245005900056100002000115260004800135082001000183084001600193020002200209990001200231INLIS00000000000167720250429111948 a0010-04250000931 aSilver Wolf, Blood, Bone ( Buku 3 ) /cTatsukazu Konda0 aTatsukazu Konda aJakarta :bPT. Elek Media Komputindo,c2019 a741.3 a741.3 TAT s a978-623-00-0437-7 a0754666